Textbook of economics

Αποθηκεύτηκε σε:
Λεπτομέρειες βιβλιογραφικής εγγραφής
Κύριος συγγραφέας: Briggs, Milton
Άλλοι συγγραφείς: Jordan, Percy
Μορφή: Βιβλίο
Γλώσσα:English
Δημοσίευση: London : University Tutorial Press , 1949
Θέματα:
Ετικέτες: Προσθήκη ετικέτας
Δεν υπάρχουν, Καταχωρήστε ετικέτα πρώτοι!

MARC

LEADER 00000nam a2200000 i 4500
001 1/69602
008 990216s1949 eng d
035 |l 10047879 
040 |a GR-MY-UA  |b gre  |e aacr 
041 0 |a eng 
082 0 |a 330 
100 1 |a Briggs, Milton. 
245 1 0 |a Textbook of economics /  |c Milton Briggs and Percy Jordan 
260 |a London :   |b University Tutorial Press ,   |c 1949 
300 |a vii, 799 p. 
504 |a Includes index 
650 0 0 |a Economics. 
700 1 |a Jordan, Percy. 
852 |a INST  |b CHIOS  |e 19990216  |h 330 BRI  |p 005200014851  |q 005200014851  |t BK  |y 0 
901 |a BIBL-1999-1 
909 |a Χ  |b 055384 
922 |a 2ΔΩΡ  |b 199902  |d ΛΕΜΟΝΙΑ